| 000 | 00706cam a2200181ua 4500 | ||
|---|---|---|---|
| 020 | _c85.00 | ||
| 041 |
_aeng _h |
||
| 082 |
_a028.7021 _bSUD/BC |
||
| 110 | 1 |
_aSudha publications limited . _b _c() |
|
| 245 |
_aBC: Banks clerical examination / _cSudha publications ltd. _hTextual Documents |
||
| 250 |
_a1 / _b. |
||
| 260 |
_aNewdelhi : _bSudha publications ltd , _c1997. |
||
| 300 | _a416 ; . | ||
| 365 | _a85.00 | ||
| 504 | _a | ||
| 942 | _cBK | ||
| 999 |
_c8075 _d8075 |
||